| Tag |
First Indicator |
Second Indicator |
Subfields |
| LEADER |
00000pam a2200000 i 4500 |
| 001 |
in00000367707 |
| 005 |
20151011074853.0 |
| 008 |
770502s1977 nyu b 00110 eng |
| 010 |
|
|
|a 77075382
|
| 020 |
|
|
|a 0385130147 :
|c $10.00
|
| 035 |
|
|
|a (OCoLC)02983744
|
| 035 |
|
|
|9 ABP5671AM
|
| 040 |
|
|
|a DLC
|c DLC
|d TXA
|d UtOrBLW
|
| 049 |
|
|
|a TXAM
|c [1536394]
|
| 050 |
0 |
0 |
|a BX945.2
|b .B64
|
| 082 |
0 |
|
|a 282/.09
|
| 100 |
1 |
|
|a Bokenkotter, Thomas S.
|
| 245 |
1 |
2 |
|a A concise history of the Catholic Church /
|c Thomas Bokenkotter.
|
| 250 |
|
|
|a 1st ed.
|
| 264 |
|
1 |
|a Garden City, N.Y. :
|b Doubleday,
|c 1977.
|
| 300 |
|
|
|a 431 pages ;
|c 22 cm.
|
| 336 |
|
|
|a text
|b txt
|2 rdacontent
|
| 337 |
|
|
|a unmediated
|b n
|2 rdamedia
|
| 338 |
|
|
|a volume
|b nc
|2 rdacarrier
|
| 504 |
|
|
|a Includes bibliographical references and index.
|
| 610 |
2 |
0 |
|a Catholic Church
|x History.
|
| 650 |
|
0 |
|a Church history.
|
| 999 |
|
|
|a MARS
|
| 999 |
f |
f |
|s bfcc2315-b6a2-3caa-b516-98779fee8732
|i b390710e-cc1d-3197-983a-c75a6860ba82
|t 0
|
| 952 |
f |
f |
|p ric
|a Texas A&M University
|b Rellis Campus
|c Joint Library Facility
|d Remote Storage
|t 0
|e BX945.2 .B64
|h Library of Congress classification
|i unmediated -- volume
|m A14801810366
|
| 998 |
f |
f |
|a BX945.2 .B64
|t 0
|l Remote Storage
|